[Event "Magdeburg op-B"]
[Site "Magdeburg"]
[Date "2014.06.13"]
[Round "8"]
[White "Grothe, Pascal"]
[Black "Jaeger, Gustav"]
[Result "0-1"]
[WhiteElo "1236"]
[BlackElo "1152"]
[PlyCount "162"]
[EventDate "2014.06.08"]
[EventType "swiss"]
[EventRounds "9"]
[EventCountry "GER"]
[SourceTitle "CBM 160 Extra"]
[Source "ChessBase"]
[SourceDate "2014.07.01"]
[SourceVersion "1"]
[SourceVersionDate "2014.07.01"]
[SourceQuality "1"]

1. e4 e5 2. Nf3 Nc6 3. Bc4 Bc5 4. d3 h6 5. Be3 Bb6 6. Nc3 d6 7. h3 Be6 8. Bb3 Nf6 9. Nd5 Bxd5 10. Bxd5 Nb4 11. Bxb7 Rb8 12. Bd5 Nbxd5 13. exd5 Nxd5 14. Bxb6 Nxb6 15. Qd2 0-0 16. 0-0 Re8 17. Rfe1 Qf6 18. Rab1 d5 19. c3 Rbd8 20. Qc2 Qf5 21. Nd2 Nc4 22. Rbd1 Rd6 23. Re2 Nxd2 24. Qxd2 Rg6 25. Kh2 Ree6 26. Rde1 e4 27. dxe4 Rxe4 28. Rxe4 dxe4 29. Qd8+ Kh7 30. Qxc7 Qxf2 31. Rg1 a6 32. Qc4 e3 33. Qe4 Qxb2 34. c4 Qxa2 35. c5 Qe6 36. Qxe6 Rxe6 37. Re1 Re5 38. c6 Re6 39. c7 Rc6 40. Rxe3 Rxc7 41. Kg3 f5 42. Kf4 Kg6 43. Re6+ Kf7 44. Rxa6 g6 45. Ra4 Re7 46. h4 Kf6 47. Ra6+ Re6 48. Rxe6+ Kxe6 49. g4 Kf6 50. gxf5 gxf5 51. h5 Ke6 52. Kf3 Ke5 53. Ke3 f4+ 54. Kf3 Kf5 55. Kf2 Kg4 56. Kg2 Kxh5 57. Kf3 Kg5 58. Kg2 Kg4 59. Kf2 h5 60. Kg2 h4 61. Kh2 Kf3 62. Kh3 Ke2 63. Kxh4 f3 64. Kg4 f2 65. Kf5 f1Q+ 66. Ke5 Qf3 67. Kd4 Qe3+ 68. Kd5 Qf4 69. Kc5 Qd2 70. Kc4 Qd3+ 71. Kc5 Ke3 72. Kc6 Qd4 73. Kc7 Ke4 74. Kc6 Qd5+ 75. Kb6 Qc4 76. Kb7 Kd5 77. Kb6 Qc5+ 78. Kb7 Qc6+ 79. Ka7 Qb5 80. Ka8 Kc6 81. Ka7 Qb7# 0-1

[Event "Magdeburg op-B"]
[Site "Magdeburg"]
[Date "2014.06.11"]
[Round "6"]
[White "Grothe, Pascal"]
[Black "Gan, Maxwell"]
[Result "1-0"]
[WhiteElo "1236"]
[BlackElo "1109"]
[PlyCount "95"]
[EventDate "2014.06.08"]
[EventType "swiss"]
[EventRounds "9"]
[EventCountry "GER"]
[SourceTitle "CBM 160 Extra"]
[Source "ChessBase"]
[SourceDate "2014.07.01"]
[SourceVersion "1"]
[SourceVersionDate "2014.07.01"]
[SourceQuality "1"]

1. e4 e5 2. Nf3 Nc6 3. Bc4 Bc5 4. d3 d6 5. Nc3 Bg4 6. Be3 Bd4 7. h3 Bh5 8. g4 Bg6 9. Qd2 Nge7 10. Bxd4 exd4 11. Nd5 f6 12. Nxe7 Nxe7 13. Nxd4 Qd7 14. f4 Rf8 15. f5 Bf7 16. Ne6 Bxe6 17. Bxe6 Qb5 18. Qc3 c6 19. b3 d5 20. a4 Qb6 21. 0-0-0 Qe3+ 22. Kb1 g6 23. Rde1 Qf4 24. exd5 cxd5 25. Bxd5 Rd8 26. Bxb7 gxf5 27. gxf5 Qxf5 28. Bc6+ Kf7 29. Rhf1 Qg5 30. b4 Rc8 31. Qc4+ Kg7 32. Rxe7+ Kh6 33. Rxa7 Rg8 34. b5 Rb8 35. a5 Rg7 36. Rf7 Rxf7 37. Qxf7 Rxb5+ 38. Bxb5 Qxb5+ 39. Qb3 Qxa5 40. Rxf6+ Kg5 41. Rf1 Qd8 42. Qb5+ Kg6 43. Qf5+ Kg7 44. Rg1+ Kh6 45. Qf4+ Kh5 46. Qf7+ Kh6 47. Qg7+ Kh5 48. Qxh7# 1-0